Detalles MARC
| 000 -CABECERA |
| campo de control de longitud fija |
01422nam a2200301 a 4500 |
| 001 - NÚMERO DE CONTROL |
| campo de control |
000025507 |
| 003 - IDENTIFICADOR DEL NÚMERO DE CONTROL |
| campo de control |
DO-SdBNP |
| 005 - FECHA Y HORA DE LA ÚLTIMA TRANSACCIÓN |
| campo de control |
20230202110916.0 |
| 007 - CAMPO FIJO DE DESCRIPCIÓN FÍSICA--INFORMACIÓN GENERAL |
| campo de control de longitud fija |
ta |
| 008 - DATOS DE LONGITUD FIJA--INFORMACIÓN GENERAL |
| campo de control de longitud fija |
110217s1983 dr 000 0 spa d |
| 040 ## - FUENTE DE LA CATALOGACIÓN |
| Centro catalogador/agencia de origen |
DO-SdBNP |
| Lengua de catalogación |
spa |
| Centro/agencia transcriptor |
BNPHU |
| 082 ## - NÚMERO DE LA CLASIFICACIÓN DECIMAL DEWEY |
| Número de clasificación |
282.092 |
| Número de documento/Ítem |
D259s |
| Número de edición |
22 |
| 100 1# - ENTRADA PRINCIPAL--NOMBRE DE PERSONA |
| Nombre de persona |
Dávila, Arturo |
| 9 (RLIN) |
52152 |
| 245 10 - MENCIÓN DE TÍTULO |
| Título |
San Telmo : |
| Resto del título |
notas sobre el desarrollo de su culto en las Antillas / |
| Mención de responsabilidad, etc. |
Arturo Dávila. |
| 260 ## - PUBLICACIÓN, DISTRIBUCIÓN, ETC. |
| Lugar de publicación, distribución, etc. |
Santo Domingo : |
| Nombre del editor, distribuidor, etc. |
Ediciones Fundación García-Arévalo, |
| Fecha de publicación, distribución, etc. |
1983. |
| Fabricante |
Corripio |
| 300 ## - DESCRIPCIÓN FÍSICA |
| Extensión |
55 p. ; |
| Dimensiones |
21 cm. |
| 490 1# - MENCIÓN DE SERIE |
| Mención de serie |
Monográfica |
| Designación de volumen o secuencia |
15 |
| 504 ## - NOTA DE BIBLIOGRAFÍA, ETC. |
| Nota de bibliografía, etc. |
Bibliografía: p. 49-50. |
| 505 0# - NOTA DE CONTENIDO CON FORMATO |
| Información miscelánea |
Presentación -- |
| -- |
Nota previa -- |
| Título |
El temple de San Telmo en la Iglesia Santo Domingo de Puerto Rico -- |
| -- |
San Fray Pedro González: orígenes, presencia y área de un culto -- |
| Información miscelánea |
Apéndice de documentos: |
| Título |
Descripción de los fuegos fatuos en el mar Plinio. Historia natural. Libro II -- |
| -- |
Vida de San Pedro González Telmo -- |
| -- |
Vida de San Eramos o San Elmo -- |
| Información miscelánea |
Bibliografía. |
| 590 ## - NOTA LOCAL (RLIN) |
| Nota local |
Inventariado, 2018/ YL |
| 600 14 - PUNTO DE ACCESO ADICIONAL DE MATERIA--NOMBRE DE PERSONA |
| Nombre de persona |
TELMO, SAN, |
| Fechas asociadas al nombre |
1190-1246 |
| Subdivisión general |
CULTO |
| Subdivisión geográfica |
PUERTO RICO |
| 9 (RLIN) |
52153 |
| 600 14 - PUNTO DE ACCESO ADICIONAL DE MATERIA--NOMBRE DE PERSONA |
| Nombre de persona |
TELMO, SAN, |
| Fechas asociadas al nombre |
1190-1246 |
| Subdivisión general |
CULTO |
| Subdivisión geográfica |
REPÚBLICA DOMINICANA |
| 9 (RLIN) |
52154 |
| 651 #4 - PUNTO DE ACCESO ADICIONAL DE MATERIA--NOMBRE GEOGRÁFICO |
| Nombre geográfico |
Puerto Rico |
| Subdivisión general |
Vida Religiosa Y Costumbres |
| 9 (RLIN) |
52155 |
| 651 #4 - PUNTO DE ACCESO ADICIONAL DE MATERIA--NOMBRE GEOGRÁFICO |
| Nombre geográfico |
República Dominicana |
| Subdivisión general |
Vida Religiosa Y Costumbres |
| 9 (RLIN) |
6935 |
| 830 #0 - PUNTO DE ACCESO ADICIONAL DE SERIE-TÍTULO UNIFORME |
| Título uniforme |
Monográfica |
| Designación de volumen o secuencia |
15 |
| 9 (RLIN) |
8347 |
| 910 ## - DATOS DE OPCIÓN DEL USUARIO (OCLC) |
| Datos de opción del usuario |
Validado. Control de calidad EMS |
| 942 ## - ELEMENTOS DE PUNTO DE ACCESO ADICIONAL (KOHA) |
| Fuente del sistema de clasificación o colocación |
Dewey Decimal Classification |
| Tipo de ítem Koha |
Libro |